<?xml version="1.0" encoding="UTF-8"?>
<collection xmlns="http://www.loc.gov/MARC21/slim">
 <record>
  <leader>     na                 </leader>
  <controlfield tag="001">INLIS000000000002523</controlfield>
  <controlfield tag="005">20220207015401</controlfield>
  <datafield tag="035" ind1=" " ind2=" ">
   <subfield code="a">0010-0621002123</subfield>
  </datafield>
  <controlfield tag="008">220207                g          0 eng  </controlfield>
  <datafield tag="245" ind1="1" ind2=" ">
   <subfield code="a">Handbook Of Marine Mammals :</subfield>
   <subfield code="b">Volume 4 Rives Dolphins And The Larger Toothed Whales</subfield>
  </datafield>
  <datafield tag="100" ind1="1" ind2=" ">
   <subfield code="a">Ridgway, Sam H</subfield>
  </datafield>
  <datafield tag="260" ind1=" " ind2=" ">
   <subfield code="a">London :</subfield>
   <subfield code="b">Academic Press,</subfield>
   <subfield code="c">1989</subfield>
  </datafield>
  <datafield tag="300" ind1=" " ind2=" ">
   <subfield code="a">442 hlm. ;</subfield>
   <subfield code="c">23,5 cm.</subfield>
  </datafield>
  <datafield tag="020" ind1=" " ind2=" ">
   <subfield code="a">0-12-588504-0</subfield>
  </datafield>
  <datafield tag="084" ind1=" " ind2=" ">
   <subfield code="a">R.559.5 RID h</subfield>
  </datafield>
  <datafield tag="520" ind1=" " ind2=" ">
   <subfield code="a">Handbook of Mammals Volume 4 River Dolphins and The Larger Toothed Whales Interest in marine mammals has increased greatly in recent years as our knowledge of them has grown. In particular, the large cetacean brain and the supposed superior intelligence of marine mammals over other animals, in conjunction with their obvious diving and swimming abilities, have made them fascinating creatures to study. Public involvement in the effort to conserve them from hunting by man and newly discovered ways of catching and maintaining them in captivity have all helped to increase their popularity and importance. In some cases this has resulted in the establishment of codes of practice for their capture, harvesting and transportation and has improved their lot from being mere objects of curiosity and participants in circus acts. However, the natural habitat of these animals has not facilitated a systematic investigation of them, and the marine mammalogist must necessarily specialize in one or a few types. It would be virtually impossible, therefore, for a single author to compile a complete description of the whole range of these animals, from walruses and whales to dugongs and manatees. In the light of this consideration the Handbook of Marine Mammals was commissioned as a series of separate accounts of a single marine mammal. Each chapter is the outcome of many personal experiences of an international expert on the particular animal, and so includes subtle observations which might be unknown or overlooked by an ordinary reviewer. With the aid of distribution maps, identification pointers and spectacular photographs and drawings, as much as is known of each animal about its biology and life history is reviewed, and its identifying characteristics and distribution described. Similarities and differences are stressed and some mention is made of economical and commercial aspects. A full bibliography is included for each chapter. It must be emphasized that these books are primarily a guide to the biology of marine mammals in their natural environment and are meant for use in the field as a practical aid to identification and to provide useful basic information&#13;
they are not concerned with management, husbandry or treatment of disease. The greatest value of this outstanding illustrated series of volumes will be to research workers, academics and students of marine mammalogy, but anyone with a reasonable background in modern biology will find them absorbing. of</subfield>
  </datafield>
  <datafield tag="082" ind1=" " ind2=" ">
   <subfield code="a">R.559.5</subfield>
  </datafield>
  <datafield tag="650" ind1=" " ind2="4">
   <subfield code="a">Binatang Mamalia</subfield>
  </datafield>
  <datafield tag="650" ind1=" " ind2="4">
   <subfield code="a">Handbook</subfield>
  </datafield>
  <datafield tag="990" ind1=" " ind2=" ">
   <subfield code="a">06582</subfield>
  </datafield>
  <datafield tag="990" ind1=" " ind2=" ">
   <subfield code="a">024321</subfield>
  </datafield>
  <datafield tag="990" ind1=" " ind2=" ">
   <subfield code="a">024321</subfield>
  </datafield>
 </record>
</collection>
